Most Popular Songs in USA 5/11/2024 - Statistics

General Stats
  • This quiz has been taken 16 times
  • The average score is 7 of 15
Answer Stats
Rank Artist (Version) Answer Streams Radio Airplay Sales % Correct
4. Sabrina Carpenter Espresso 31 Million 13.8 Million 3.5 Thousand
73%
1. Taylor Swift, Post Malone Fortnight 38.3 Million 34.7 Million 7 Thousand
73%
5. Benson Boone Beautiful Things 23.9 Million 63 Million 8 Thousand
60%
8. Metro Boomin, Future, Kendrick Lamar Like That 27.8 Million 25.7 Million 2 Thousand
60%
10. Taylor Swift Down Bad 26.2 Million 0.9 Million 1.5 Thousand
53%
11. Kendrick Lamar Euphoria 25.5 Million 2.7 Million 6 Thousand
53%
3. Shaboozey A Bar Song (Tipsy) 35.2 Million 1.3 Million 21 Thousand
47%
6. Teddy Swims Lose Control 22.1 Million 70.7 Million 6 Thousand
47%
7. Hozier Too Sweet 26.6 Million 28.2 Million 6 Thousand
47%
9. Taylor Swift I Can Do It With A Broken Heart 27.2 Million 0.9 Million 3 Thousand
40%
2. Tommy Richman Million Dollar Baby 37.7 Million 0.3 Million 4 Thousand
40%
12. SZA Saturn 15.5 Million 48.5 Million 0.9 Thousand
40%
13. Taylor Swift Who's Afraid of Little Old Me? 19.7 Million 0 1.5 Thousand
40%
15. Jack Harlow Lovin' On Me 13.4 Million 53.3 Million 2 Thousand
33%
14. Taylor Swift So Long, London 19.7 Million 0 0.5 Thousand
33%
No matching quizzes found
Score Distribution
Percent of People with Each Score
Percentile by Number Answered
Your Score History
You have not taken this quiz